000 00570nam a2200205Ia 4500
001 11901
003 GE_BSU
008 181216s||||||||xx |||||||||||||| ||und||
040 _cGE_BSU
080 _a633.35
100 _aМинкевич,И.А.; Борковский,В.Е.
245 _aМасличные культуры
245 _cРед.В.Г.Дымнин.Худ.Л.С.Эрман
260 _aМосква
260 _bСельхозгиз
260 _c1952
300 _a579стр.23см.
653 _aМасличные культуры
942 _cBK
999 _c45078
_d45078